| Tag |
First Indicator |
Second Indicator |
Subfields |
| LEADER |
00000cam a2200000 4500 |
| 001 |
in00000033585 |
| 005 |
20151007061902.0 |
| 008 |
750721s1945 nyucf b 00010 eng u |
| 010 |
|
|
|a 45003009
|
| 035 |
|
|
|a (OCoLC)01461482
|
| 035 |
|
|
|9 AAD3371AM
|
| 040 |
|
|
|c JPL
|d TXA
|d UtOrBLW
|
| 049 |
|
|
|a TXAM
|c 1 [128463]
|c 2 [128464]
|
| 050 |
0 |
0 |
|a TP879
|b .A1H3
|
| 082 |
0 |
|
|a 666.9
|
| 092 |
|
|
|a 666.9
|b H131m
|
| 100 |
1 |
|
|a Hadley, Earl J.
|
| 245 |
1 |
4 |
|a The magic powder ;
|b history of the Universal atlas cement company and the cement industry /
|c by Earl J. Hadley. 90 illustrations.
|
| 264 |
|
1 |
|a New York :
|b G.P. Putnam's sons,
|c 1945.
|
| 300 |
|
|
|a xiv pages, 1 ., 382 pages :
|b frontispiece, plates, portraits ;
|c 22 cm
|
| 336 |
|
|
|a text
|b txt
|2 rdacontent
|
| 337 |
|
|
|a unmediated
|b n
|2 rdamedia
|
| 338 |
|
|
|a volume
|b nc
|2 rdacarrier
|
| 504 |
|
|
|a Bibliography: pages 363-365.
|
| 650 |
|
0 |
|a Cement
|z United States.
|
| 650 |
|
0 |
|a Cement industries
|z United States.
|
| 710 |
2 |
|
|a Universal atlas cement company.
|
| 999 |
|
|
|a MARS
|
| 999 |
f |
f |
|s ab4d0ab3-51b6-33c7-98d7-e849d03d51ae
|i 6ca62555-a867-3418-b868-faa8c1f251a9
|t 0
|
| 952 |
f |
f |
|p ric
|a Texas A&M University
|b Rellis Campus
|c Joint Library Facility
|s JLF
|d Remote Storage
|t 0
|e TP879 .A1H3
|h Library of Congress classification
|i unmediated -- volume
|m A14801116550
|
| 998 |
f |
f |
|a TP879 .A1H3
|t 0
|l Remote Storage
|